| 000 | 02503 a2200217 4500 | ||
|---|---|---|---|
| 001 | 45867 | ||
| 005 | 20260407155730.0 | ||
| 008 | 260407a1996 arg spa d | ||
| 003 | AR-UNSa-BCEJYS | ||
| 040 |
_aAR-UNSa-BCEJYS _bspa _cAR-UNSa-BCEJYS |
||
| 080 |
_a321.7 _xDemocracia |
||
| 245 | 1 | 0 | _aHacer la democracia |
| 020 | _a950-9385-67-0 | ||
| 264 | 1 |
_aBuenos Aires : _bCiudad Argentina _c1996 |
|
| 300 |
_a430 p. _c20 cm. |
||
| 505 | _a1. Democracia y justicia social. Consideración teóricas y una visión sobre la realidad argentina / Eduardo Barbarosh – 2. La democracia y el derecho constitucional “humanitario” / Germán J. Bidart Campos – 3. El conocimiento de la Constitución y la democracia. Estado actual y proyección futura / Alberto Castells – 4. ¿Los mitos de la democracia, hacen de la democracia un mito? / Liliana Beatriz Constante – 5. El nudo en la soga (Una introducción a la teoría democrática) / Aníbal A. D´Auría – 6. Democracia y mundialización / Alicia Noemí Farianati – 7. Una interpretación axiológica de la democracia / Gustavo Fondevila – 8. Los derechos humanos en el marco de un ethos democrático / Silvia Cristina Gabriel – 9. La democracia como valor cultural. Incidencia en la gobernabilidad / Elvira Lucía Gargalione – 10. Democracia y derechos humanos. Apuntes sobre su necesaria vinculación en el sistema interamericano / Hortensia Gutiérrez Posse – 11. Los límites de la democracia. Los principios del control / Gustavo Adrián Herbel – 12. Condiciones sociales para una democracia estable / Ana Kunz – 13. La democracia y el arbitraje / Hebe Leonardi de Hebrón – Sara Feldstein de Cárdenas – 14. Las teorías y su influencia política y socio-jurídica en los problemas de la democracia / Enrique E. Marí – 15. Republica o democracia en la reforma (a propósito de una carta) / Tulio Ortiz – 16. La democracia querida y la democracia real / Arturo Pellet Lastra – 16. El espíritu de la democracia y su destino. Sobre la circularidad de las formas de élite en la Argentina / Marcelo Sergio Raffin – 17. Sobre la democracia, la desigualdad y el Estado / Beatriz Rajland – 18. Dimensiones económicas de la sociedad y la democracia / Héctor Sandler – 19. El derecho a la información ambiental. Participación al individuo en la tutela del ambiente / Florencia Mariana Valls. | ||
| 041 | _aspa | ||
| 942 | _cBK | ||
| 590 | _aniveau_biblio:m niveau_hierar:0 | ||
| 100 | 1 | _aSandler, Héctor Raúl | |
| 999 |
_c4036 _d4036 |
||